| 000 | 01293cam a22003858i 4500 | ||
|---|---|---|---|
| 003 | PE-LiUPU | ||
| 005 | 20250731173557.0 | ||
| 008 | 130205s2013 idu 000 0 eng | ||
| 020 | _a9780816325016 | ||
| 020 | _a0816325014 | ||
| 040 |
_bspa _cPE-LiUPU _dPE-LiUPU _erda |
||
| 082 | 0 | 0 |
_a220.5203 _220 _bB724 |
| 245 | 0 | 4 |
_aThe book that changed the world : _bthe story of the King James Version / _cEditado por Nikolaus Satelmajer. |
| 264 | 1 |
_aNampa, Idaho: _bPacific Press, _c2012. |
|
| 300 |
_a153 páginas ; _c23 centímetros. |
||
| 504 | _aIncluye citas bibliográficas al final de cada capítulo. | ||
| 505 | _aOrigins -- Old and New connections -- Church communities -- Reading, memorizing, studying. | ||
| 526 | _aSEG42 | ||
| 526 | _aSEG41 | ||
| 526 | _aSEG40 | ||
| 526 | _aSEG39 | ||
| 526 | _aP94 | ||
| 526 | _aP87 | ||
| 526 | _aP86 | ||
| 526 | _aP85 | ||
| 526 | _aP77 | ||
| 526 | _aP76 | ||
| 526 | _aP35 | ||
| 630 | 0 |
_aBiblia. _lInglés _xHistoria _9954 |
|
| 700 | 1 |
_aSatelmajer, Nikolaus, _d1944- _eeditor. |
|
| 856 | _uhttp:/www.adventistbookcenter.com. | ||
| 942 |
_2ddc _cBK _n0 |
||
| 980 |
_623148 _aAnálisis Documental EVILA ACOSTA _81 _gALBERTO SANCHEZ Responsable de Automatización |
||
| 999 |
_c61859 _d61859 |
||